Vista normal Vista MARC

Entrada Personal Name

Número de registros utilizados en: 1

001 - CONTROL NUMBER

  • control field: 6645

003 - CONTROL NUMBER IDENTIFIER

  • control field: OSt

005 - DATE AND TIME OF LATEST TRANSACTION

  • control field: 20200703134243.0

008 - FIXED-LENGTH DATA ELEMENTS

  • fixed length control field: 200703|| aca||aabn | a|a d

040 ## - CATALOGING SOURCE

  • Original cataloging agency: OSt
  • Transcribing agency: OSt

100 ## - HEADING--PERSONAL NAME

  • Personal name: Sastoque Ramírez, Edna Carolina.

670 ## - SOURCE DATA FOUND

  • Source citation: Work cat.: (OSt)0: Sastoque Ramírez, Edna Carolina. autora, El papel de los banqueros en la construcción deEstado y soberanía monetaria en Colombia (1880-1931) /, 2018.